000 00671nam a2200241Ia 4500
003 OSt
005 20220918200442.0
006 a|||||r|||| 00| 0
007 ta
008 220917b |||||||| |||| 00| 0 eng d
024 _a88,884
037 _cTextual
040 _aARTS
_cARTS
_beng
041 _2eng
_aeng
082 _aU4, K41 (Y1D)
100 _aNegi Balbir Singh
_994158
245 0 _aAnthropography
_b a study oif races and people of the world
260 _c1964
490 _aGeographical series ed by R P Srivastava; 1
650 _aANTHROPOLOGY
_921
942 _hU4, K41 (Y1D)
_cTEXL
_2CC
999 _c212554
_d212554